02130cam a22003974i 4500003000900000005001700009008004100026020001500067020001800082035002000100040003300120082002100153111009400174245011100268264009100379300004300470336002100513337002500534338002300559490004500582504005000627505089300677526001001570526001001580526001001590526001001600526000801610526000801618526000801626526000801634526000801642526000801650526000801658650001401666650005201680PE-LiUPU20250731173030.0170810s2013 miu rb 000 0 eng d a0982784945 a9780982784945 a(Sirsi) a238223 aPE-LiUPUbspacPE-LiUPUerda04a230.0904bR42232 aSymposium on Postmodern Sensitive Mission n (1st :d 2012 :c Berrien Springs, Michigan)10aRevisiting postmodernism :ban old debate on a new era /cBruce L. Bauer; Kleber O.Gonçalves [editores]. 1aBerrien Springs, Michigan :b Departament of World Mission, Andrews University,c2013. axi, 396 páginas ;c23 centímetros. atext2rdacontent aunmediated2rdamedia avolume2rdacarrier1 aAndrews University mission studies ;v13 aBibliografía : Al final de cada capítulo.0 a"Watchmen" over the flux of thought: Michael foucault and the historical development of postmodernist philosophy -- Postmodern evangelism: sharing the gospel as a nonviolent metanarrative -- Christianity for postmoderns: from metanarrative to storytelling -- Framing the gospel for the relational context of postmodernism -- The whole truth and nothing but: discipleship in a post-christian age -- Conversion and worldview transformation among postmoderns -- Reading psalm 23 through postmodern eyes: insights and lessons for missiologists -- Witnessing to christ in a secular, post-christian, postmodern context -- Through a glass darkly: speaking of truth in postmodern times -- Postmodernism and the re-birth of christian literacy... Is the European seventh-day Adventist church postmodern? some socio-theological remarks on postmodernity and multiculturalsm in the context of mission. aSEG42 aSEG41 aSEG40 aSEG39 aP94 aP87 aP86 aP85 aP77 aP76 aP3504aMisiones.04aPosmodernismoxAspectos religiososxCristianos.